Vyššia a komplexnejšia ochrana spotrebiteľov na finančnom trhu
Ucelený systém koncepcie opatrení, nástrojov a právomocí, ktoré sa budú vzájomne prelínať tak, aby spotrebiteľ - klient finančnej inštitúcie mal možnosť presadzovať svoje ekonomické záujmy.
Saved in:
| Main Author: | |
|---|---|
| Format: | Book Chapter |
| Language: | Slovak |
| Subjects: | |
| Tags: |
No Tags, Be the first to tag this record!
|
MARC
| LEADER | 00000naa a2200000 4500 | ||
|---|---|---|---|
| 001 | 0182457 | ||
| 005 | 20221020085802.5 | ||
| 041 | 0 | |a slo | |
| 044 | |a SK | ||
| 245 | 1 | 0 | |a Vyššia a komplexnejšia ochrana spotrebiteľov na finančnom trhu |c Peter Mikloš |
| 520 | |a Ucelený systém koncepcie opatrení, nástrojov a právomocí, ktoré sa budú vzájomne prelínať tak, aby spotrebiteľ - klient finančnej inštitúcie mal možnosť presadzovať svoje ekonomické záujmy. | ||
| 610 | 2 | 0 | |a spotrebitelia |
| 610 | 2 | 0 | |a ochrana spotrebiteľa |
| 610 | 2 | 0 | |a práva spotrebiteľské |
| 610 | 2 | 0 | |a trh finančný |
| 610 | 2 | 0 | |a zmluvy |
| 610 | 2 | 0 | |a spory súdne |
| 100 | 1 | |a Mikloš, Peter | |